| 000 | 00842nam a2200277 a 4500 | ||
|---|---|---|---|
| 001 | 000037588 | ||
| 003 | DO-SdBNP | ||
| 005 | 20180320094256.0 | ||
| 007 | 000037588 | ||
| 008 | 110113s 2006 dr a 100 j spa d | ||
| 020 | _a99458406469 | ||
| 020 | _a9945406477 | ||
| 040 |
_aBPMSU _bspa _cBPMSU |
||
| 082 | 0 | 4 |
_aRD863.44 _bB742c, 2006 |
| 100 | 1 |
_aBosch, Juan, _d1909-2001 |
|
| 245 | 1 | 0 |
_aCuento de navidad / _cJuan Bosch ; introducción Marianne de Tolentino. |
| 260 |
_aSanto Domingo : _bFundación Juan Bosch, _c2006. |
||
| 300 |
_a131 p. : _bil. ; _c26 cm. |
||
| 650 | 4 | _aCUENTOS DOMINICANOS | |
| 650 | 4 | _aLITERATURA DOMINICANA | |
| 700 | 1 | _aTolrntino, Marianne de | |
| 910 | _aValidado. Control de calidad MFF | ||
| 942 |
_2ddc _cBK |
||
| 945 | _aInventariado infantil / 2017 VM | ||
| 956 |
_aVMATEO _b10 _c20150922 _lBPMSU _h0069 |
||
| 999 |
_c7252 _d7252 |
||